000 00760nam a2200241 a 4500
999 _c3176
_d3176
001 3176
003 BD-JhCC
005 20171112103454.0
008 171111s1985 bg |||| ||a| 000 0 ben d
035 _a(BD-JhCC)3176
040 _aBD-JhCC
_dBD-JhCC
041 _aben
082 _a822
_bANW 1985
100 _aআনোয়ার, আলী
245 _aআধুনিক ইউরোপীয় নাটক /
_cআলী আনোয়ার
260 _aঢাকা :
_bবাংলা একাডেমী,
_c1985.
300 _a101 p. :
_c18 cm.
490 _aSeries in honour of the Martyrs of the Language Movement of February 1952.
504 _aIncludes Bibliography
650 _aEuropean Drama
942 _2ddc
_cBK